| 000 | 00392nam a2200157Ia 4500 | ||
|---|---|---|---|
| 005 | 20250428162713.0 | ||
| 008 | 231217s9999 xx 000 0 und d | ||
| 020 | _a9780071445559 | ||
| 082 | _a658 YAN;1 R | ||
| 100 | _aYang, Kai. | ||
| 245 | 0 | _aDesign for six sigma for service | |
| 260 |
_c2006 _bMacgraw-hill _aNew York |
||
| 300 | _axxiii, 854 | ||
| 650 | _asix,sigma | ||
| 942 | _cAA | ||
| 999 |
_c182057 _d182057 |
||